International Latex Conference 20-21 July 2004, Hilton, Akron (Record no. 44128)
[ view plain ]
| 000 -LEADER | |
|---|---|
| fixed length control field | 00295nam a2200097Ia 4500 |
| 082 ## - DEWEY DECIMAL CLASSIFICATION NUMBER | |
| Classification number | 678.4:62:678.061 |
| Item number | LAT |
| 245 #0 - TITLE STATEMENT | |
| Title | International Latex Conference 20-21 July 2004, Hilton, Akron |
| 260 ## - PUBLICATION, DISTRIBUTION, ETC. (IMPRINT) | |
| Place of publication | Akron |
| Name of publisher | Rubber & Plastics News |
| Year of publication | 2004 |
| 942 ## - ADDED ENTRY ELEMENTS (KOHA) | |
| Koha item type | Books |
| Withdrawn status | Lost status | Damaged status | Not for loan | Home library | Current library | Date acquired | Source of acquisition | Full call number | Accession Number | Koha item type |
|---|---|---|---|---|---|---|---|---|---|---|
| RRII Library | RRII Library | 16/12/2021 | Gift | 678.4:62:678.061 LAT | G00876 | Books |